000 00414pab a2200157 454500
008 180718b2011 xxu||||| |||| 00| 0 eng d
100 _aSchwedler, Jillian
245 _aCan Islamists become moderates? Rethinking the inclusion-moderation hypothesis (Review article)
260 _c2011
300 _ap.347-376.
362 _aApr
650 _aIslam
773 _aWorld Affairs
908 _aN
909 _a92191
999 _c92191
_d92191